World Capitals Click Map Quiz - Statistics

General Stats
  • This quiz has been taken 64 times
    61 since last reset
  • The average score is 61 of 160
Answers on the Map
Answers color-coded by a green-red scale on the quiz's map according to % correct below.
 
Answer Stats
Answer % Correct
New Delhi
53%
Athens
50%
Dublin
50%
Islamabad
50%
Lisbon
50%
Moscow
50%
Nairobi
50%
Panama City
50%
Paris
50%
Pretoria (Bloemfontein, Cape Town)
50%
Rabat
50%
Stockholm
50%
Addis Ababa
47%
Bucharest
47%
Hanoi
47%
Jakarta
47%
Kinshasa
47%
Kuala Lumpur
47%
Madrid
47%
Ottawa
47%
Reykjavik
47%
Tunis
47%
Wellington
47%
Algiers
44%
Amsterdam
44%
Asunción
44%
Beijing
44%
Berlin
44%
Brasília
44%
Bratislava
44%
Canberra
44%
Copenhagen
44%
Havana
44%
Helsinki
44%
Kathmandu
44%
La Paz (Sucre)
44%
Lima
44%
Manila
44%
Minsk
44%
Phnom Penh
44%
Riyadh
44%
San Salvador
44%
Seoul
44%
Sofia
44%
Taipei
44%
Tallinn
44%
Tehran
44%
Ulaanbaatar
44%
Vienna
44%
Vilnius
44%
Warsaw
44%
Washington DC
44%
Zagreb
44%
Accra
41%
Ankara
41%
Antananarivo
41%
Budapest
41%
Buenos Aires
41%
Cairo
41%
Caracas
41%
Damascus
41%
Dhaka
41%
Jerusalem
41%
Kabul
41%
Khartoum
41%
Kuwait City
41%
Kyiv
41%
Ljubljana
41%
Mexico City
41%
Oslo
41%
Pyongyang
41%
Rome
41%
Sana'a
41%
Santiago
41%
Sarajevo
41%
Sri Jayawardenepura Kotte (Colombo)
41%
Tashkent
41%
Tripoli
41%
Vientiane
41%
Abu Dhabi
38%
Abuja
38%
Astana
38%
Baku
38%
Bangkok
38%
Belmopan
38%
Bern
38%
Bogotá
38%
Chișinău
38%
Doha
38%
Guatemala City
38%
Juba
38%
London
38%
Lusaka
38%
Montevideo
38%
Nassau
38%
Ouagadougou
38%
Podgorica
38%
Port Moresby
38%
Quito
38%
Riga
38%
Santo Domingo
38%
Tirana
38%
Tokyo
38%
Yamoussoukro
38%
Amman
35%
Belgrade
35%
Brussels
35%
Freetown
35%
Georgetown
35%
Luanda
35%
Luxembourg
35%
Managua
35%
Mogadishu
35%
Monrovia
35%
Naypyidaw
35%
N'Djamena
35%
Nicosia
35%
Prague
35%
San Jose
35%
Skopje
35%
Tbilisi
35%
Tegucigalpa
35%
Thimphu
35%
Bamako
32%
Beirut
32%
Bissau
32%
Brazzaville
32%
Dakar
32%
Dodoma
32%
Kingston
32%
Libreville
32%
Muscat
32%
Niamey
32%
Port-au-Prince
32%
Ashgabat
29%
Bangui
29%
Bishkek
29%
Harare
29%
Maputo
29%
Paramaribo
29%
Porto-Novo
29%
Pristina
29%
Windhoek
29%
Yerevan
29%
Asmara
26%
Baghdad
26%
Dushanbe
26%
Maseru
26%
Nouakchott
26%
Yaoundé
26%
Conakry
24%
Kampala
24%
Kigali
24%
Lomé
24%
Ciudad de la Paz
21%
Gaborone
21%
Lilongwe
21%
Mbabane
21%
Gitega
15%
Banjul
6%
No matching quizzes found
Score Distribution
Percent of People with Each Score
Percentile by Number Answered
Your Score History
You have not taken this quiz since the last reset